000 00289nam a22001337a 4500
008 190226b xxu||||| |||| 00| 0 eng d
020 _a015592773
041 _aeng
080 _a821
100 _a21
101 _aGJL
245 _aWestern Literature II
_cHollander,R
942 _2udc
_cBK
999 _c54261
_d54261